Online Catalogue and eLibrary

Valgavilirunthu gangai varai (Record no. 1047)

MARC details
000 -LEADER
fixed length control field 00375nam a2200157Ia 4500
005 - DATE AND TIME OF LATEST TRANSACTION
control field 20250522011919.0
008 - FIXED-LENGTH DATA ELEMENTS--GENERAL INFORMATION
fixed length control field 240331s9999 xx 000 0 und d
082 ## - DDC Classification
Class No. 301
Item Number - Author Mark SAN
100 ## - MAIN ENTRY--PERSONAL NAME
Personal name Sangrithiyayan, R
245 #0 - TITLE STATEMENT
Title Valgavilirunthu gangai varai
250 ## - EDITION STATEMENT
Edition statement 18th
260 ## - PUBLICATION, DISTRIBUTION, ETC.
Place of publication, distribution, etc. Madras
Name of publisher, distributor, etc. Tamil Puthakalayam
Date of publication, distribution, etc. 1991
300 ## - PHYSICAL DESCRIPTION
Extent (e.g. Volumes, Pages etc.) 496 p .,
650 ## - SUBJECT ADDED ENTRY--TOPICAL TERM
Topical term or geographic name entry element Novel
942 ## - Koha item type (Biblio)
Koha item type Books in Stacks (Lending)
Holdings
Lost status Damaged status Collection code Home library Current library Shelving location Date acquired Full call number Accession Number Item type
    Lending WERC Library WERC Library Social Science Cupboard 03/31/2024 301 SAN 1508 Books in Stacks (Lending)

© WERC Library